Acts of love / (Registro nro. 14177)

Detalles MARC
000 -LIDER
fixed length control field 00567nam a2200217 4500
003 - IDENTIFICACDOR DE NÚMERO DE CONTROL
control field DO-SdBNP
005 - DATE AND TIME OF LATEST TRANSACTION
control field 20220428135540.0
008 - ELEMENTOS DE LONGITUD FIJA
fixed length control field 180308s1997 nyu
020 ## - ISBN
International Standard Book Number 0517703246
040 ## - FUENTE DE CATALOGACIÓN
Agencia que crea de manera original el registro BPMSU
Idioma de catalogación spa
Agencia que realiza la transcripción BPMSU
041 17 - CÓDIGOS DE OBRAS TRADUCIDAS O EN VARIOS IDIOMAS
Código del idioma del texto/archivo de sonido o separata eng
082 ## - NÚMERO DE CLASIFICACIÓN DECIMAL DE DEWEY
Classification number 813
Item number M621a 1997
Edition number 22
100 1# - ASIENTO PRINCIPAL -- NOMBRE PERSONAL
Nombre personal Michael, Judith.
Fechas asociadas con el nombre
Títulos u otras palabras asociadas con el nombre
245 10 - MENCIÓN DE TITULO
Título Acts of love /
Mención de responsabilidad Judith Michael.
Número de la parte o sección de una obra
Nombre de la parte o sección de una obra
Medio (Designación general de material)
Subtítulo
260 ## - PUBLICACIÓN, DISTRIBUCIÓN, ETC. (PIE DE IMPRENTA)
Lugar de publicación, distribución, etc New York :
Nombre del editor, distribuidor, etc. Crown Publishers,
Fecha de publicación, distribución, etc 1997
300 ## - DESCRIPCIÓN FÍSICA
Extensión 376 p. ;
Dimensiones 24 cm.
590 ## - NOTA LOCAL
Enlace Inventariado, 2022/VM
650 #4 - ENCABEZAMIENTO DE MATERIA--TEMÁTICO
Término temático o nombre geográfico como elemento de entrada Novela estadounidense
Subdivisión de forma
910 ## - VALIDACIÓN
Validación VMateo V
942 ## - ADDED ENTRY ELEMENTS (KOHA)
Koha item type Libros
Source of classification or shelving scheme Dewey Decimal Classification
Existencias
Withdrawn status Lost status Source of classification or shelving scheme Damaged status Not for loan Collection code Home library Current library Date acquired Total Checkouts Full call number Barcode Date last seen Price effective from Koha item type
    Dewey Decimal Classification     Colección General Biblioteca Pública Metropolitana Salomé Ureña Biblioteca Pública Metropolitana Salomé Ureña 04/28/2022   BPMSU CG 813 M621a 1997 BPMSU22040056 04/28/2022 04/28/2022 Libros